Click the Super-Men! Quiz Stats

Quiz Updated Aug 29, 2017

Challenge
Share
Tweet
Embed
Score 0/15 Timer 03:00
38 Plays Today
% Correct
Bat
96.9%
Ant
95.7%
Spider
95.7%
Aqua
95.5%
Iron
95.2%
Super
94.2%
Ice
85.1%
Sand
85%
% Correct
Hawk
80.2%
Plastic
63.2%
Wonder
61.4%
Star
56.7%
3-D
56.6%
Impossible
42.3%
Rag
34.6%

You're not logged in!

Compare scores with friends on all Sporcle quizzes.
Sign Up with Email
OR
Log In

You Might Also Like...

Show Comments

Extras

Top Quizzes Today


Score Distribution

Your Account Isn't Verified!

In order to create a playlist on Sporcle, you need to verify the email address you used during registration. Go to your Sporcle Settings to finish the process.

Report this User

Report this user for behavior that violates our Community Guidelines.

Details: